Krishiyude thudakkam muthal sradhichal rubbarithpadanam koottaam (Record no. 75515)

MARC details
000 -LEADER
fixed length control field 00258nam a22000977a 4500
100 ## - MAIN ENTRY--AUTHOR NAME
Personal name Hariharan, T.
245 ## - TITLE STATEMENT
Title Krishiyude thudakkam muthal sradhichal rubbarithpadanam koottaam
260 ## - PUBLICATION, DISTRIBUTION, ETC. (IMPRINT)
Name of publisher Rubber, 708(May): 22-23.
Year of publication 2025
300 ## - PHYSICAL DESCRIPTION
Other physical details Malayalam
942 ## - ADDED ENTRY ELEMENTS (KOHA)
Koha item type Journals
Holdings
Withdrawn status Lost status Damaged status Not for loan Home library Current library Date acquired Koha item type
        RRII Library RRII Library 04/06/2025 Journals